| 000 -LEADER |
| fixed length control field |
01538nam a2200313 a 4500 |
| 003 - CONTROL NUMBER IDENTIFIER |
| control field |
AR-BaISA |
| 005 - DATE AND TIME OF LATEST TRANSACTION |
| control field |
20220601184314.0 |
| 007 - PHYSICAL DESCRIPTION FIXED FIELD--GENERAL INFORMATION |
| fixed length control field |
ta |
| 008 - FIXED-LENGTH DATA ELEMENTS--GENERAL INFORMATION |
| fixed length control field |
170704s2016 sp ad 001 0 spa d |
| 020 ## - INTERNATIONAL STANDARD BOOK NUMBER |
| International Standard Book Number |
9788416353804 |
| 040 ## - CATALOGING SOURCE |
| Transcribing agency |
AR-BaISA |
| 082 04 - DEWEY DECIMAL CLASSIFICATION NUMBER |
| Edition number |
22 |
| Classification number |
616.029 W861 |
| 245 10 - TITLE STATEMENT |
| Title |
Enfermería del paciente en estado crítico / |
| Statement of responsibility, etc. |
Editado por David W. Woodruff |
| 250 ## - EDITION STATEMENT |
| Edition statement |
4ª ed. |
| 260 ## - PUBLICATION, DISTRIBUTION, ETC. |
| Place of publication, distribution, etc. |
Barcelona: |
| Name of publisher, distributor, etc. |
Wolters Kluwer, |
| Date of publication, distribution, etc. |
2016 |
| 300 ## - PHYSICAL DESCRIPTION |
| Extent |
736 p.: |
| Other physical details |
il. col.; |
| Dimensions |
23 cm. |
| 336 ## - CONTENT TYPE |
| Content type term |
Texto (visual) |
| Source |
isbdcontent |
| 337 ## - MEDIA TYPE |
| Media type term |
sin mediación |
| Source |
isbdmedia |
| 490 1# - SERIES STATEMENT |
| Serie |
Enfermería fácil |
| 504 ## - BIBLIOGRAPHY, ETC. NOTE |
| Bibliography, etc. note |
Bibliografía al final de cada capítulo |
| 504 ## - BIBLIOGRAPHY, ETC. NOTE |
| Bibliography, etc. note |
Índice analítico p: [727]-736 |
| 505 ## - FORMATTED CONTENTS NOTE |
| Title |
Wendeline J. Grbach / Aspectos básicos de cuidados intensivos -- |
| -- |
Anna Jarrett / Aspectos de cuidado holístico -- |
| -- |
Ellie Z. Franges / Sistema nervioso -- |
| -- |
Kathryn L. Kay / Sistema cardiovascular -- |
| -- |
Elizabeth Moots / Aparato respiratorio -- |
| -- |
Wendeline J. Grbach / Aparato digestivo -- |
| -- |
Jodi L. Gunther / Aparato urinario -- |
| -- |
Margaret J. Malone / Sistema endocrino -- |
| -- |
Maurice Espinza / Sistemas hemático e inmunitario -- |
| -- |
Susan M. Raymond / Problemas multisistémicos |
| 650 14 - SUBJECT ADDED ENTRY--TOPICAL TERM |
| Topical term or geographic name entry element |
Cuidados intensivos |
| 9 (RLIN) |
786 |
| Form subdivision |
enfermería |
| 650 14 - SUBJECT ADDED ENTRY--TOPICAL TERM |
| Topical term or geographic name entry element |
Atención al paciente |
| 9 (RLIN) |
1095 |
| Form subdivision |
enfermería |
| 700 1# - ADDED ENTRY--PERSONAL NAME |
| Personal name |
Woodruff, David W. |
| Relator term |
ed. |
| 9 (RLIN) |
1392 |
| 830 #0 - SERIES ADDED ENTRY--UNIFORM TITLE |
| 9 (RLIN) |
1153 |
| Uniform title |
Enfermería fácil |
| 856 42 - ELECTRONIC LOCATION AND ACCESS |
| Materials specified |
Acceso a material complementario |
| Uniform Resource Identifier |
http://thepoint.lww.com/español-EF-pacientecritico |
| Public note |
con clave de acceso |
| 942 ## - ADDED ENTRY ELEMENTS (KOHA) |
| Source of classification or shelving scheme |
|
| Koha item type |
Libros |